000 01029nam a22002655i 4500
001 178480
003 ES-MaACL
005 20250902030434.0
008 110602s1969 sp |||| | spa d
080 _a332(4)
100 1 _aLarcier, R. L.
_9146879
245 1 3 _aEl análisis financiero en Europa /
_cR. L. Larcier, R. de Vuyst ; prólogo, Jacques Berthoud ; [versión española de Francisco Hortelano y Luis Uceda Bermejo].
260 _aMadrid :
_bICE,
_cD. L. 1969.
300 _aXVI, 390 p. ;
_c24 cm.
490 1 _aSelecciones de economía de la empresa. Serie A : Tratados ;
_v3
504 _aBibliografía: p. 383-384.
650 0 4 _aAnálisis financiero-
_zEuropa.
_9146883
700 0 _aVuyst, R. de.
_9146880
700 1 _aBerthoud, Jacques.
_9146881
700 0 _aHortelano Hernández, Francisco.
_964264
700 1 _aUceda Bermejo, Luis.
_9146882
830 0 0 _aSelecciones de economía de la empresa (ICE)
_v3
_9190989
852 _aES-MaACL
_jE-15230
_xOlim P-1278
999 _c178480
_d178480